=LDR 00000nam 2200000 4500 =001 INLIS000000000006042 =005 20130612094220 =008 ***********************************Ind** =035 ##$$0010-061300000006042 =041 ##$$a Ind =082 ##$$a 956.94 =090 ##$$a 956.94, Boy b =100 ##$$a Boyle, Francis =245 ##$$a Bohong besar, Palestina dan hukum internasional, Francis Boyle =260 ##$$a 2002 $b Jakarta =300 ##$$a 62 hlm, 21 cm =650 ##$$a Palestina-Masalah =850 ##$$a NBPNMAT